000 00364 a2200169 4500
001 184655
020 _a85-00-82033-0
040 _cMagnum
100 _aCony, Carlos Heitor
240 1 0 _aUma história de amor
_lpor
245 1 0 _aUma história de amor
300 _a89
362 0 _a2002
440 1 _aEdiouro
697 _aLITERATURA JUVENIL
942 _cBK
999 _c184655
_d184655